000 00604nam a2200193Ia 4500
005 20260114185750.0
008 008 260114s9999 xx 000 0 eng d
020 _a9781350052017
037 _aEBOOK
040 _aCRL
_beng
_cCRL
041 _aeng
_2eng
084 _qCRL
100 _aSara B. Marcketti and Elena E. Karpova
_9874133
245 4 _aThe Dangers of Fashion Towards Ethical and Sustainable Solutions
260 _bBloomsbury
_c2020
856 _uhttps://doi.org/10.5040/9781350052017?locatt=label:secondary_bloomsburyCollections
942 _cEBOOK
999 _c1473069
_d1473069